Successful overwintering of Lepidoptera larvae and eggs on spruce trees uprooted by the wind

Podrobná bibliografia
Hlavní autori: Kulfan, Ján, 1957- (Autor), Zach, Peter, 1962-2023 (Autor)
Médium: Článok
Jazyk:angličtina

MARC

LEADER 00000nab a2200000uu 4500
001 vtls011541021
003 SK-MaSNL
005 20260303140450.0
008 230218|2011 xo |||||||||||||||||eng|
015 |a SNBRB 
035 |a (urnnbn)urn:nbn:sk:snk:ar-a09t38 
035 |a (uuid)e8921129-100c-409b-9bb3-ba00642b838b 
035 |a urn:nbn:sk:snk-abez4d 
040 |a SNKBUCL  |b slo  |c SNKBUCL  |e AACR2 
041 0 |a eng 
044 |a xo  |c SK 
100 1 |a Kulfan, Ján,  |d 1957-  |4 aut  |9 249857 
245 1 0 |a Successful overwintering of Lepidoptera larvae and eggs on spruce trees uprooted by the wind  |c Ján Kulfan, Peter Zach 
700 1 |a Zach, Peter,  |d 1962-2023  |4 aut  |9 105995 
773 0 |t Folia oecologica  |g Roč. 38, č. 1 (2011), s. 52-56 
958 |a OND 
958 |a EUIPO 
958 |a article22 
999 |c 1971981  |d 1973911